| 000 | 00809nam a22002417a 4500 | ||
|---|---|---|---|
| 001 | 3500 | ||
| 003 | FISKH | ||
| 005 | 20240313143655.0 | ||
| 008 | 240313b cb ||||| |||| 00| 0 eng d | ||
| 040 |
_aFISK _beng _cFISK _dFISK |
||
| 050 | _aPZ7.H314942 | ||
| 082 | _a813.5 | ||
| 100 |
_aHayter Rhonda _d1955- |
||
| 245 |
_aThe witchy worries of abbie adams / _cRhonda Hayter |
||
| 260 |
_aNew York : _bScholastic, _c2010 |
||
| 300 |
_a242 pages : _c20 cm |
||
| 505 | _aZ | ||
| 520 | _aFifth-grader Abbie, descended from a long line of witches, tries to keep her family's magic powers secret from everyone she knows until her father brings home a kitten with some very unusual characteristics. | ||
| 521 | 8 |
_a1110 _bLexile |
|
| 700 | _aRhonda Hayter | ||
| 942 |
_2ddc _cBK _n0 |
||
| 999 |
_c3500 _d3500 |
||